| 000 | 00709nam a2200193 i 4500 | ||
|---|---|---|---|
| 001 | 70725 | ||
| 003 | ES-MaACL | ||
| 005 | 20250802232300.0 | ||
| 007 | t| | ||
| 008 | 040802s1959 sp ||||1| spa d | ||
| 100 | 1 |
_aGarmendia Iraundegui, José. _955587 |
|
| 245 | 1 | 0 |
_aDatos y notas sobre el clima de Matacán (Salamanca) / _cJosé Garmendia Iraundegui. |
| 260 |
_aMadrid : _b[s.n., _c1959] ( _fGráf. Virgen de Loreto) |
||
| 300 |
_a47 p. ; _c23 cm. |
||
| 500 | _aPrecede al tit.: Ministerio del Aire, Dirección General de Protección de Vuelo, Servicio Meteorológico Nacional. | ||
| 710 | 1 |
_aEspaña. _bMinisterio del Aire _93938 |
|
| 852 |
_aES-MaACL _j2017-F-30 _bR.45999 |
||
| 999 |
_c70725 _d70725 |
||